[Event "Junior Online 4NCL Division 3"]
[Site "online"]
[Date "2020.10.15"]
[Round "5.141"]
[White "Barringer-Allen, William B"]
[Black "Cepoi, Gesneria-Codruta"]
[Result "1-0"]
[WhiteElo "1285"]
[BlackElo "1375"]
[PlyCount "151"]
[EventDate "2020.10.15"]
[WhiteTeam "May The Fork Be With You 3"]
[BlackTeam "Uxbridge Girls"]

1. d4 d5 2. Nc3 Nf6 3. Bg5 Nc6 4. Nf3 h6 5. Bh4 g5 6. Bg3 g4 7. Ne5 Nxe5 8.
Bxe5 Rg8 9. Nb5 Rb8 10. Nxc7+ Kd7 11. e3 Ne4 12. Nxd5 Ra8 13. Bd3 Ng5 14. Bb5+
Ke6 15. Nc7+ Kf5 16. Nxa8 f6 17. Bd3+ Ke6 18. Bf4 Kd7 19. Qxg4+ e6 20. h4 Qa5+
21. c3 f5 22. Qe2 Ne4 23. Bxe4 fxe4 24. Be5 Bd6 25. Bxd6 Kxd6 26. Rg1 Qd5 27.
Qc2 b6 28. Qb3 Qxa8 29. O-O-O Bd7 30. Qb4+ Kc6 31. g4 a5 32. Qc4+ Kd6 33. g5
hxg5 34. hxg5 b5 35. Qe2 Qc8 36. Rg3 b4 37. Qc2 bxc3 38. Qxc3 e5 39. Qxc8 Rxc8+
40. Kb1 exd4 41. Rxd4+ Kc6 42. Rc4+ Kb7 43. Rxc8 Kxc8 44. g6 Be6 45. g7 Bg8 46.
Kc2 Kc7 47. Kc3 Kc6 48. Kd4 Kb5 49. Kxe4 a4 50. Ke5 Kb4 51. e4 Kc5 52. f4 Kc6
53. f5 Kd7 54. f6 Ke8 55. b3 axb3 56. axb3 Kd7 57. b4 Kc6 58. f7 Bxf7 59. g8=Q
Bxg8 60. Rxg8 Kb5 61. Kd6 Kxb4 62. e5 Kb5 63. e6 Kb6 64. Kd7 Kc5 65. e7 Kd5 66.
e8=R Kc5 67. Rg6 Kd5 68. Rh8 Ke5 69. Rh5+ Kf4 70. Ra6 Kg4 71. Rb5 Kf4 72. Ra4+
Ke3 73. Rb3+ Kd2 74. Ra2+ Kc1 75. Rh3 Kb1 76. Rg2 1-0

[Event "Junior Online 4NCL Division 3"]
[Site "online"]
[Date "2020.10.15"]
[Round "5.142"]
[White "Knight, Zoe B"]
[Black "Milani-Foglia, Aurelio"]
[Result "1/2-1/2"]
[WhiteElo "925"]
[BlackElo "1352"]
[PlyCount "99"]
[EventDate "2020.10.15"]
[WhiteTeam "Uxbridge Girls"]
[BlackTeam "May The Fork Be With You 3"]

1. e4 e6 2. d4 d5 3. e5 c5 4. c3 Nc6 5. Nf3 Qb6 6. Be2 cxd4 7. cxd4 f6 8. a3
fxe5 9. dxe5 Qc7 10. Bf4 g6 11. O-O Bg7 12. Bb5 Nge7 13. Nc3 O-O 14. Qd2 Nxe5
15. Nxe5 Bxe5 16. Bh6 Bf4 17. Bxf4 Qxf4 18. Rad1 a6 19. Be2 Qxd2 20. Rxd2 Nf5
21. Na4 Bd7 22. Nb6 Rad8 23. Nxd7 Rxd7 24. Rc1 e5 25. Bg4 Rdd8 26. g3 h5 27.
Bh3 Nd4 28. Rxd4 exd4 29. Rd1 d3 30. Rxd3 d4 31. Bg2 Rfe8 32. Bxb7 Rb8 33. Bxa6
Rxb2 34. Rxd4 Rf8 35. f4 g5 36. a4 Kh8 37. Bb5 gxf4 38. Rxf4 Rxf4 39. gxf4 Kg7
40. Bd7 Rb4 41. f5 Kf6 42. Kg2 Rf4 43. a5 Rd4 44. Bc8 Rd8 45. Be6 Ra8 46. Kg3
Rxa5 47. Kh4 Ra4+ 48. Kxh5 Ra3 49. h4 Rh3 50. Kg4 1/2-1/2

[Event "Junior Online 4NCL Division 3"]
[Site "online"]
[Date "2020.10.15"]
[Round "5.143"]
[White "Joshi, Aarav"]
[Black "Siddiqui, Zainab"]
[Result "1-0"]
[WhiteElo "1225"]
[BlackElo "835"]
[PlyCount "47"]
[EventDate "2020.10.15"]
[WhiteTeam "May The Fork Be With You 3"]
[BlackTeam "Uxbridge Girls"]

1. e4 e5 2. Nf3 Nf6 3. Nxe5 Nxe4 4. Qe2 d5 5. d3 Qf6 6. Nf3 Bg4 7. dxe4 dxe4 8.
Qxe4+ Qe6 9. Qxe6+ fxe6 10. Nd4 Na6 11. Nc3 Nb4 12. a3 Nd5 13. Nxd5 exd5 14. h3
Bd7 15. Bd3 Bc5 16. Be3 O-O-O 17. O-O a6 18. b4 Bd6 19. Rac1 h6 20. c4 g5 21.
c5 Be5 22. c6 bxc6 23. Nxc6 Rdf8 24. Bxa6# 1-0

[Event "Junior Online 4NCL Division 3"]
[Site "online"]
[Date "2020.10.15"]
[Round "5.144"]
[White "Vijayakumar, Mrinali"]
[Black "Srinivasan, Gowri"]
[Result "0-1"]
[WhiteElo "842"]
[BlackElo "1262"]
[PlyCount "44"]
[EventDate "2020.10.15"]
[WhiteTeam "Uxbridge Girls"]
[BlackTeam "May The Fork Be With You 3"]

1. e4 e5 2. Nf3 Nc6 3. Bc4 Nf6 4. Nc3 Bc5 5. O-O d6 6. Nd5 Be6 7. Nxf6+ Qxf6 8.
Bb5 Bd7 9. d4 exd4 10. Bg5 Qg6 11. Re1 h6 12. Bh4 f6 13. e5 dxe5 14. Nxe5 Nxe5
15. Bxd7+ Kxd7 16. Qe2 Rae8 17. Qb5+ Kc8 18. Qxc5 Nf3+ 19. Kf1 Nxh2+ 20. Kg1
Nf3+ 21. Kf1 Nxe1 22. Qxa7 Qxg2# 0-1

[Event "Junior Online 4NCL Division 3"]
[Site "online"]
[Date "2020.10.15"]
[Round "5.145"]
[White "Cepoi, Gesneria-Codruta"]
[Black "Barringer-Allen, William B"]
[Result "0-1"]
[WhiteElo "1375"]
[BlackElo "1285"]
[PlyCount "86"]
[EventDate "2020.10.15"]
[WhiteTeam "Uxbridge Girls"]
[BlackTeam "May The Fork Be With You 3"]

1. e4 e5 2. Nf3 Nc6 3. Bc4 Be7 4. d3 Nf6 5. Ng5 O-O 6. Be3 h6 7. Nf3 d6 8. Nc3
Bg4 9. h3 Bh5 10. g4 Bg6 11. Nh4 Bh7 12. g5 Nd7 13. Nf3 hxg5 14. d4 exd4 15.
Nxd4 Nxd4 16. Qxd4 Bf6 17. Qd3 Ne5 18. Qd4 Nf3+ 19. Ke2 Nxd4+ 20. Bxd4 Bxd4 21.
Rhg1 Qf6 22. Raf1 Bxc3 23. bxc3 Qxc3 24. Bd3 Qe5 25. f3 f5 26. Ke3 f4+ 27. Ke2
d5 28. Re1 dxe4 29. fxe4 Bxe4 30. Kd2 Qa5+ 31. Ke2 Bxd3+ 32. cxd3 Rfe8+ 33. Kd1
Rxe1+ 34. Rxe1 Qxa2 35. Re2 Qb3+ 36. Ke1 Qxd3 37. Rh2 Qg3+ 38. Rf2 Re8+ 39. Kf1
Qd3+ 40. Kg2 Re2 41. Rxe2 Qxe2+ 42. Kg1 f3 43. Kh1 Qg2# 0-1

[Event "Junior Online 4NCL Division 3"]
[Site "online"]
[Date "2020.10.15"]
[Round "5.146"]
[White "Milani-Foglia, Aurelio"]
[Black "Knight, Zoe B"]
[Result "1-0"]
[WhiteElo "1352"]
[BlackElo "925"]
[PlyCount "109"]
[EventDate "2020.10.15"]
[WhiteTeam "May The Fork Be With You 3"]
[BlackTeam "Uxbridge Girls"]

1. e4 e5 2. Nf3 Nc6 3. Bc4 Bc5 4. d3 Nf6 5. Bg5 O-O 6. Nc3 h6 7. Bh4 g5 8. Bg3
d6 9. h3 Be6 10. Bb3 Bxb3 11. axb3 Nh5 12. Bh2 f5 13. exf5 Rxf5 14. d4 Nxd4 15.
Nxd4 Bxd4 16. Ne4 Qf8 17. O-O Rf7 18. Qxh5 d5 19. Qg6+ Kh8 20. Bg3 dxe4 21. c3
Bb6 22. Bxe5+ Rg7 23. Qxh6+ Kg8 24. Bxg7 Qxg7 25. Qxg7+ Kxg7 26. Rfe1 Rf8 27.
Rf1 e3 28. fxe3 Bxe3+ 29. Kh1 Rxf1+ 30. Rxf1 b6 31. Re1 Bf4 32. g3 Bxg3 33. Rg1
Bf4 34. h4 Kg6 35. hxg5 Bxg5 36. Kh2 Kf5 37. Rf1+ Ke4 38. Rf2 Bf4+ 39. Kh3 Bd6
40. Kg4 a5 41. Rf7 Kd3 42. Rf2 Ke3 43. Rg2 Kd3 44. Kf5 Ke3 45. Ke6 Kd3 46. Kd5
Ke3 47. Kc6 Kd3 48. b4 axb4 49. cxb4 Kc4 50. b5 Kb3 51. Rd2 Kb4 52. Rd4+ Ka5
53. b3 Bb4 54. Rc4 Ba3 55. Ra4# 1-0

[Event "Junior Online 4NCL Division 3"]
[Site "online"]
[Date "2020.10.15"]
[Round "5.147"]
[White "Siddiqui, Zainab"]
[Black "Joshi, Aarav"]
[Result "0-1"]
[WhiteElo "835"]
[BlackElo "1225"]
[PlyCount "92"]
[EventDate "2020.10.15"]
[WhiteTeam "Uxbridge Girls"]
[BlackTeam "May The Fork Be With You 3"]

1. e4 c5 2. Bc4 Nc6 3. d3 a6 4. Qf3 Nf6 5. Nh3 Ne5 6. Qg3 Nxc4 7. dxc4 e6 8.
Qe5 d6 9. Qc3 Nxe4 10. Qb3 Be7 11. f3 Nf6 12. Na3 O-O 13. Be3 d5 14. O-O dxc4
15. Nxc4 b5 16. Rad1 Qc7 17. Nd2 c4 18. Nxc4 bxc4 19. Qc3 Nd5 20. Qd4 Nxe3 21.
Qf4 Qxf4 22. Nxf4 Nxd1 23. Rxd1 Bc5+ 24. Kh1 Bb7 25. b3 Rfd8 26. Re1 cxb3 27.
axb3 Rd2 28. Nh3 Rxc2 29. Rb1 a5 30. Nf4 h6 31. Nd3 Bd4 32. Rd1 Rc3 33. Nb2
Rxb3 34. Nc4 Bc5 35. Ne5 f6 36. Nd7 Bb4 37. Nb6 Ra6 38. Nc4 a4 39. h3 a3 40.
Rd8+ Kh7 41. Rb8 Bd5 42. Nxa3 Raxa3 43. h4 Ra1+ 44. Kh2 Bd6+ 45. g3 Rxb8 46. f4
Rh1# 0-1

[Event "Junior Online 4NCL Division 3"]
[Site "online"]
[Date "2020.10.15"]
[Round "5.148"]
[White "Srinivasan, Gowri"]
[Black "Vijayakumar, Mrinali"]
[Result "1-0"]
[WhiteElo "1262"]
[BlackElo "842"]
[PlyCount "39"]
[EventDate "2020.10.15"]
[WhiteTeam "May The Fork Be With You 3"]
[BlackTeam "Uxbridge Girls"]

1. d4 Nc6 2. Nf3 Nb4 3. a3 Nd5 4. e4 Ndf6 5. Nc3 d6 6. Bc4 e6 7. Be3 d5 8. exd5
exd5 9. Bb3 Bg4 10. h3 Bh5 11. g4 Bg6 12. Qe2 Qd6 13. Bf4+ Qe6 14. Bxc7 Be4 15.
Ng5 Qc6 16. Ba4 b5 17. Bxb5 Qd7 18. Bxd7+ Nxd7 19. Ngxe4 Ngf6 20. Nxf6# 1-0

[Event "Junior Online 4NCL Division 3"]
[Site "online"]
[Date "2020.10.15"]
[Round "5.151"]
[White "Sehgal, Garv"]
[Black "Kulkarni, Arnav"]
[Result "0-1"]
[WhiteElo "1000"]
[BlackElo "1033"]
[PlyCount "76"]
[EventDate "2020.10.15"]
[WhiteTeam "Leicestershire Juniors 4"]
[BlackTeam "St John's College C"]

1. e4 e5 2. Nc3 Nf6 3. Bc4 Nc6 4. d3 Bb4 5. Nf3 d6 6. Bd2 Bg4 7. Qe2 Nd4 8.
O-O-O Nxe2+ 9. Nxe2 Bxd2+ 10. Rxd2 Bxf3 11. gxf3 O-O 12. Rg1 Qd7 13. Ng3 b5 14.
Bd5 Nxd5 15. exd5 Rfe8 16. Nh5 Kh8 17. Nxg7 Rg8 18. f4 Rxg7 19. Rxg7 Kxg7 20.
h4 exf4 21. f3 Qh3 22. b3 Qxh4 23. Rg2+ Kf8 24. d4 b4 25. Rg4 Qe1+ 26. Kb2 Qc3+
27. Kc1 Qxf3 28. Rh4 Qf1+ 29. Kd2 f3 30. Rxh7 Qe2+ 31. Kc1 Kg8 32. Rh1 f2 33.
c4 f1=Q+ 34. Rxf1 Qxf1+ 35. Kd2 Re8 36. c5 Qe2+ 37. Kc1 Qxa2 38. cxd6 Re1# 0-1

[Event "Junior Online 4NCL Division 3"]
[Site "online"]
[Date "2020.10.15"]
[Round "5.152"]
[White "Baranidharan, Kritthik"]
[Black "Morris, Conor"]
[Result "1-0"]
[WhiteElo "1040"]
[BlackElo "992"]
[PlyCount "63"]
[EventDate "2020.10.15"]
[WhiteTeam "St John's College C"]
[BlackTeam "Leicestershire Juniors 4"]

1. e4 e5 2. Nf3 Nc6 3. Nc3 Bb4 4. a3 Bxc3 5. bxc3 Nf6 6. d3 d5 7. exd5 Na5 8.
c4 c6 9. Bd2 b5 10. Nxe5 cxd5 11. cxd5 Nxd5 12. f4 f6 13. Nf3 Bg4 14. Be2 g5
15. fxg5 fxg5 16. O-O h5 17. Qe1 Nc6 18. Nxg5 Rg8 19. Bxg4+ Nde7 20. Bxh5+ Kd7
21. Qe6+ Kc7 22. Bf4+ Kb6 23. Qe3+ Kb7 24. Bf3 Qf8 25. Ne6 Qf7 26. Nc5+ Kc8 27.
Bxc6 Nxc6 28. Qh3+ Kd8 29. Bg5+ Ke8 30. Rxf7 Kxf7 31. Rf1+ Ke8 32. Qd7# 1-0

[Event "Junior Online 4NCL Division 3"]
[Site "online"]
[Date "2020.10.15"]
[Round "5.153"]
[White "Dahi, Varad Prakash"]
[Black "Singh, Ayush"]
[Result "0-1"]
[WhiteElo "895"]
[BlackElo "967"]
[PlyCount "76"]
[EventDate "2020.10.15"]
[WhiteTeam "Leicestershire Juniors 4"]
[BlackTeam "St John's College C"]

1. e4 e5 2. Nf3 Nc6 3. Bb5 d6 4. Bxc6+ bxc6 5. O-O Nf6 6. Nc3 c5 7. d3 Bg4 8.
Bg5 h6 9. Bxf6 Qxf6 10. Nd5 Qd8 11. Qd2 c6 12. Ne3 Bxf3 13. gxf3 Qg5+ 14. Ng2
Qxd2 15. Rfc1 O-O-O 16. Ne1 Qg5+ 17. Ng2 Be7 18. Re1 Qd2 19. Red1 Qxc2 20. Rab1
Bh4 21. Nxh4 c4 22. dxc4 d5 23. cxd5 cxd5 24. exd5 Rxd5 25. Rdc1 Rd1+ 26. Kg2
Rxc1 27. Rxc1 Qxc1 28. Nf5 Qc2 29. Nxg7 Rg8 30. f4 Rxg7+ 31. Kf3 Qd1+ 32. Ke4
Qe1+ 33. Kf5 Rg5+ 34. Kf6 Rg6+ 35. Kxf7 Rb6 36. fxe5 Qxe5 37. Kg8 Rb7 38. Kf8
Qh8# 0-1

[Event "Junior Online 4NCL Division 3"]
[Site "online"]
[Date "2020.10.15"]
[Round "5.154"]
[White "Fattorelli, Giulio"]
[Black "Wakelin, Sam"]
[Result "1/2-1/2"]
[WhiteElo "872"]
[BlackElo "932"]
[PlyCount "98"]
[EventDate "2020.10.15"]
[WhiteTeam "St John's College C"]
[BlackTeam "Leicestershire Juniors 4"]

1. e4 e5 2. Nf3 Nf6 3. Nc3 Nc6 4. Bc4 Bc5 5. Ng5 Ng4 6. Qxg4 O-O 7. O-O d5 8.
exd5 Bxg4 9. dxc6 bxc6 10. d4 Bxd4 11. Rd1 Bxc3 12. Rxd8 Raxd8 13. bxc3 Rd1+
14. Bf1 Be2 15. h4 h5 16. Bb2 Rxf1+ 17. Rxf1 Bxf1 18. Kxf1 f6 19. Ne6 Re8 20.
Nxc7 Rc8 21. Ne6 g5 22. hxg5 fxg5 23. Nxg5 h4 24. c4 Rd8 25. Ke1 a5 26. Bxe5
Re8 27. Nf3 Kf7 28. Ng5+ Kg6 29. Nf3 Kf5 30. Nd4+ Kxe5 31. Nxc6+ Kd6+ 32. Ne7
Rxe7+ 33. Kd2 Rc7 34. Kd3 Kc5 35. f4 h3 36. gxh3 Rd7+ 37. Kc3 Rf7 38. Kd3 Rxf4
39. Ke3 Rh4 40. Kd3 Rxh3+ 41. Kd2 Rh2+ 42. Ke3 Rxc2 43. Kd3 Rb2 44. Kc3 Rxa2
45. Kb3 Rh2 46. Kc3 a4 47. Kd3 a3 48. Kc3 a2 49. Kb3 a1=Q 1/2-1/2

[Event "Junior Online 4NCL Division 3"]
[Site "online"]
[Date "2020.10.15"]
[Round "5.155"]
[White "Kulkarni, Arnav"]
[Black "Sehgal, Garv"]
[Result "1-0"]
[WhiteElo "1033"]
[BlackElo "1000"]
[PlyCount "125"]
[EventDate "2020.10.15"]
[WhiteTeam "St John's College C"]
[BlackTeam "Leicestershire Juniors 4"]

1. e4 e5 2. Nf3 Nc6 3. Bc4 Bc5 4. d3 f6 5. Nc3 Qe7 6. O-O d6 7. Bb5 Bd7 8. Nd5
Qd8 9. Re1 Nb4 10. Bxd7+ Qxd7 11. Nxb4 Bxb4 12. c3 Ba5 13. Qb3 O-O-O 14. Qa3
Bb6 15. Be3 Ne7 16. Bxb6 cxb6 17. Qxa7 Nc6 18. Qa8+ Kc7 19. Qa4 g5 20. Rad1 g4
21. Nh4 h5 22. Nf5 h4 23. h3 g3 24. fxg3 hxg3 25. Nxg3 Rhg8 26. Nf5 Rg5 27. d4
Rxf5 28. exf5 Qxf5 29. dxe5 fxe5 30. h4 Qh5 31. Rf1 e4 32. Qxe4 Re8 33. Qa4 b5
34. Qf4 Rg8 35. Qf7+ Qxf7 36. Rxf7+ Kb6 37. Rxd6 Rh8 38. g3 Rh5 39. Kf2 Re5 40.
Kf3 Re1 41. Kg4 Re2 42. h5 Rxb2 43. h6 Rxa2 44. h7 Ra4+ 45. Kg5 Ra8 46. Kg6 Kc5
47. Kg7 Ne5 48. Rxb7 Kxd6 49. h8=Q Rxh8 50. Kxh8 Ng6+ 51. Kg7 Ne5 52. Rxb5 Nd3
53. g4 Nf2 54. g5 Kc6 55. Rf5 Ne4 56. Kf8 Nxc3 57. g6 Ne4 58. g7 Nd6 59. Rf6
Kd7 60. g8=Q Ne4 61. Qf7+ Kc8 62. Rc6+ Kb8 63. Qc7+ 1-0

[Event "Junior Online 4NCL Division 3"]
[Site "online"]
[Date "2020.10.15"]
[Round "5.156"]
[White "Morris, Conor"]
[Black "Baranidharan, Kritthik"]
[Result "0-1"]
[WhiteElo "992"]
[BlackElo "1040"]
[PlyCount "32"]
[EventDate "2020.10.15"]
[WhiteTeam "Leicestershire Juniors 4"]
[BlackTeam "St John's College C"]

1. e4 e5 2. Qh5 h6 3. Qxe5+ Be7 4. d3 Nc6 5. Qh5 Nf6 6. Nf3 Nxh5 7. Nh4 O-O 8.
d4 Bxh4 9. Bb5 Nxd4 10. Bc4 Nxc2+ 11. Kd1 Nxa1 12. Bg5 Qxg5 13. Bxf7+ Rxf7 14.
e5 Rxf2 15. e6 dxe6 16. Nc3 Qd2# 0-1

[Event "Junior Online 4NCL Division 3"]
[Site "online"]
[Date "2020.10.15"]
[Round "5.157"]
[White "Singh, Ayush"]
[Black "Dahi, Varad Prakash"]
[Result "1-0"]
[WhiteElo "967"]
[BlackElo "895"]
[PlyCount "109"]
[EventDate "2020.10.15"]
[WhiteTeam "St John's College C"]
[BlackTeam "Leicestershire Juniors 4"]

1. e4 e5 2. Nf3 Nc6 3. Bc4 h6 4. Nc3 Bb4 5. O-O Bxc3 6. dxc3 Nf6 7. Re1 Qe7 8.
Be3 O-O 9. b4 d6 10. Qd2 Bg4 11. h3 Bxf3 12. gxf3 Rad8 13. a3 d5 14. exd5 Nxd5
15. Bxd5 Qf6 16. c4 Qg6+ 17. Kf1 Qf6 18. Qc3 Rde8 19. Bxc6 bxc6 20. b5 Qxf3 21.
Bd2 Qxc3 22. Bxc3 cxb5 23. Bb4 bxc4 24. Bxf8 Kxf8 25. f4 f6 26. fxe5 fxe5 27.
Re4 Kg8 28. Rae1 Rf8+ 29. Kg2 Rd8 30. Rxe5 Rd2+ 31. R1e2 Rxe2+ 32. Rxe2 Kf7 33.
Rf2+ Kg6 34. Kf3 Kg5 35. Ke4 Kh4 36. Kf4 g5+ 37. Kf3 h5 38. Re2 g4+ 39. hxg4
hxg4+ 40. Kf4 g3 41. Kf3 Kh3 42. Re1 g2 43. Rg1 Kh2 44. Rxg2+ Kh3 45. Rg8 Kh4
46. Rg1 Kh5 47. Kf4 Kh6 48. Kf5 Kh7 49. Kf6 c5 50. Rg2 c3 51. a4 a5 52. Rg4 c4
53. Rg3 Kh8 54. Kf7 Kh7 55. Rh3# 1-0

[Event "Junior Online 4NCL Division 3"]
[Site "online"]
[Date "2020.10.15"]
[Round "5.158"]
[White "Wakelin, Sam"]
[Black "Fattorelli, Giulio"]
[Result "1-0"]
[WhiteElo "932"]
[BlackElo "872"]
[PlyCount "77"]
[EventDate "2020.10.15"]
[WhiteTeam "Leicestershire Juniors 4"]
[BlackTeam "St John's College C"]

1. d4 d5 2. Nc3 Nc6 3. Nf3 Nf6 4. Bf4 Bf5 5. e3 Nb4 6. Nb5 Nxc2+ 7. Qxc2 Bxc2
8. Nxc7+ Kd7 9. Nxa8 Qxa8 10. Ne5+ Ke8 11. Rc1 Qc8 12. Bb5+ Nd7 13. Bxd7+ Qxd7
14. Nxd7 e6 15. Nxf8 Bf5 16. Rc8+ Ke7 17. Ng6+ fxg6 18. Rxh8 e5 19. Bxe5 Ke6
20. Bxg7 Kf7 21. Rf8+ Kxg7 22. Rb8 Kf7 23. Rxb7+ Ke6 24. Rxa7 Kd6 25. Rxh7 g5
26. a4 Ke6 27. a5 Bxh7 28. a6 Kd6 29. a7 Be4 30. a8=Q Bxg2 31. Qd8+ Ke6 32.
Qe8+ Kd6 33. Qf8+ Kc6 34. Qf6+ Kd7 35. Qf5+ Ke7 36. Qxg5+ Kd6 37. Qxg2 Ke6 38.
Qxd5+ Kf6 39. Qf7+ 1-0

[Event "Junior Online 4NCL Division 3"]
[Site "online"]
[Date "2020.10.15"]
[Round "5.161"]
[White "Goswami, Pratyush"]
[Black "Nagar, Nikunj"]
[Result "1-0"]
[WhiteElo "1262"]
[BlackElo "653"]
[PlyCount "87"]
[EventDate "2020.10.15"]
[WhiteTeam "Rhodes Avenue Bishops"]
[BlackTeam "East Kilbride Bishops"]

1. c4 c5 2. Nc3 Nc6 3. g3 d6 4. Bg2 Bd7 5. d3 g6 6. Nf3 Bg7 7. Bd2 Nf6 8. a3
Qc7 9. Nb5 Qb6 10. Qc2 a6 11. Nc3 Nd4 12. Nxd4 cxd4 13. Nd5 Nxd5 14. Bxd5 Bc6
15. Bxc6+ Qxc6 16. f3 d5 17. Rc1 dxc4 18. Qxc4 Qxc4 19. Rxc4 O-O 20. Rc7 e6 21.
Rxb7 Rab8 22. Rxb8 Rxb8 23. b4 a5 24. O-O axb4 25. Bxb4 Bh6 26. f4 Bf8 27. Bxf8
Kxf8 28. Rc1 Ke7 29. Rc4 Rd8 30. g4 f5 31. g5 Kf8 32. Rc7 Kg8 33. Re7 Rd6 34.
a4 Ra6 35. Kf2 Rd6 36. a5 Ra6 37. h3 Kh8 38. e3 Rxa5 39. Rxe6 dxe3+ 40. Kxe3
Ra1 41. Kd4 Ra4+ 42. Ke5 Ra5+ 43. Kf6 Ra3 44. Re8# 1-0

[Event "Junior Online 4NCL Division 3"]
[Site "online"]
[Date "2020.10.15"]
[Round "5.163"]
[White "Bevan, Alexander"]
[Black "Roul, Tushar"]
[Result "1-0"]
[WhiteElo "977"]
[BlackElo "395"]
[PlyCount "63"]
[EventDate "2020.10.15"]
[WhiteTeam "Rhodes Avenue Bishops"]
[BlackTeam "East Kilbride Bishops"]

1. e4 d5 2. exd5 Nf6 3. d4 Qxd5 4. Nc3 Qd6 5. Nf3 Bg4 6. Be2 Nc6 7. h3 Bh5 8.
O-O O-O-O 9. Be3 Bxf3 10. Bxf3 Nxd4 11. Bxd4 Qxd4 12. Qxd4 Rxd4 13. Rad1 Rxd1
14. Rxd1 e6 15. Ne4 Nxe4 16. Bxe4 Bd6 17. a3 Rd8 18. Re1 b6 19. Bxh7 g6 20.
Bxg6 fxg6 21. Rxe6 Kd7 22. Rxg6 Re8 23. g3 Re2 24. Rg7+ Kc6 25. h4 Rxc2 26. h5
Re2 27. h6 Re8 28. h7 Be5 29. Rg6+ Re6 30. Rxe6+ Kd7 31. Rxe5 Kd6 32. h8=Q 1-0

[Event "Junior Online 4NCL Division 3"]
[Site "online"]
[Date "2020.10.15"]
[Round "5.164"]
[White "Narasimhan, Srivathsan"]
[Black "Gelmini, Gabriel"]
[Result "0-1"]
[WhiteElo "410"]
[BlackElo "985"]
[PlyCount "76"]
[EventDate "2020.10.15"]
[WhiteTeam "East Kilbride Bishops"]
[BlackTeam "Rhodes Avenue Bishops"]

1. e4 c5 2. Nf3 e6 3. Nc3 d5 4. exd5 exd5 5. Qe2+ Be6 6. Ng5 Qxg5 7. d3 Qd8 8.
Bf4 Nf6 9. Nb5 Qa5+ 10. Nc3 d4 11. Bd2 dxc3 12. Bxc3 Qd8 13. O-O-O Be7 14. Re1
O-O 15. Qd2 Bxa2 16. Bxf6 Bxf6 17. Be2 Be6 18. Bf3 Bg5 19. Bxb7 Bxd2+ 20. Kxd2
Nd7 21. Bxa8 Qxa8 22. Re3 Qxg2 23. Ra1 Qxf2+ 24. Re2 Qf4+ 25. Re3 Qxh2+ 26. Re2
Qh6+ 27. Re3 Nf6 28. Rxa7 Ng4 29. Ra1 Qxe3+ 30. Kc3 Qd4+ 31. Kd2 Ne5 32. c3
Qxd3+ 33. Ke1 Nf3+ 34. Kf2 h6 35. Rh1 Bd5 36. Kg3 Ne5+ 37. Kh2 Ng4+ 38. Kg1
Qd1# 0-1

[Event "Junior Online 4NCL Division 3"]
[Site "online"]
[Date "2020.10.15"]
[Round "5.165"]
[White "Nagar, Nikunj"]
[Black "Goswami, Pratyush"]
[Result "0-1"]
[WhiteElo "653"]
[BlackElo "1262"]
[PlyCount "148"]
[EventDate "2020.10.15"]
[WhiteTeam "East Kilbride Bishops"]
[BlackTeam "Rhodes Avenue Bishops"]

1. e4 c5 2. Nf3 g6 3. c3 Bg7 4. d4 cxd4 5. cxd4 d5 6. e5 Nc6 7. Be3 Bf5 8. Nc3
a6 9. Qb3 b5 10. Qxd5 Nb4 11. Qxd8+ Rxd8 12. O-O-O Rc8 13. Be2 Nxa2+ 14. Kd2
Nxc3 15. bxc3 Nh6 16. Ra1 Rc6 17. d5 Rc7 18. Rxa6 Bd7 19. Bxb5 Bxb5 20. Ra8+
Kd7 21. Rxh8 Bxh8 22. Bxh6 Rc5 23. e6+ fxe6 24. dxe6+ Kxe6 25. Re1+ Kd7 26. Rd1
Rd5+ 27. Kc2 Ba4+ 28. Kc1 Rxd1+ 29. Kb2 Rd6 30. Bf4 Rb6+ 31. Kc1 Bxc3 32. Be3
Rc6 33. Kb1 Bb5 34. Nd4 Bxd4 35. Bxd4 Bd3+ 36. Kb2 Rc2+ 37. Kb3 Kc6 38. Be3 Kb5
39. Bd4 Re2 40. Be3 Bc4+ 41. Kc3 Ra2 42. g3 Ra3+ 43. Kd2 Kb4 44. Bg5 Ra2+ 45.
Ke3 Re2+ 46. Kf3 e5 47. Be7+ Kb3 48. Bg5 e4+ 49. Kf4 Rxf2+ 50. Kxe4 Rxh2 51.
Bf4 h5 52. Kf3 Be2+ 53. Ke4 Rg2 54. Ke3 Bg4 55. Bd6 Rh2 56. Be5 Re2+ 57. Kf4
Rh2 58. Kg5 Bf5 59. Kf4 h4 60. Kg5 h3 61. g4 Re2 62. Bf4 Bd3 63. Kh4 h2 64.
Bxh2 Rxh2+ 65. Kg5 Rg2 66. Kh6 Rxg4 67. Kh7 g5+ 68. Kh8 Rh4+ 69. Kg8 g4 70. Kf8
g3 71. Ke8 g2 72. Kf8 g1=Q 73. Ke8 Qg7 74. Kd8 Rh8# 0-1

[Event "Junior Online 4NCL Division 3"]
[Site "online"]
[Date "2020.10.15"]
[Round "5.166"]
[White "Dayle, Julian"]
[Black "Roul, Karan"]
[Result "0-1"]
[WhiteElo "1000"]
[BlackElo "427"]
[PlyCount "138"]
[EventDate "2020.10.15"]
[WhiteTeam "Rhodes Avenue Bishops"]
[BlackTeam "East Kilbride Bishops"]

1. e4 d5 2. Nc3 d4 3. Nb5 e5 4. Nf3 Nc6 5. Bc4 h6 6. d3 Nf6 7. Bd2 Bg4 8. O-O
a6 9. Na3 Bxa3 10. bxa3 O-O 11. Rb1 Rb8 12. c3 Qd7 13. cxd4 exd4 14. Qe2 Bxf3
15. Qxf3 Rfe8 16. Qg3 Qg4 17. Qxc7 Re7 18. Qf4 Qxf4 19. Bxf4 Ne5 20. g3 g5 21.
Bxe5 Rxe5 22. Kh1 b5 23. Bd5 Nxd5 24. exd5 Rxd5 25. f4 Rf5 26. fxg5 Rxf1+ 27.
Rxf1 hxg5 28. h4 gxh4 29. gxh4 Rc8 30. Kg2 Rc2+ 31. Kg3 Rxa2 32. Rh1 Rxa3 33.
h5 Rxd3+ 34. Kg4 a5 35. h6 Kh7 36. Kf4 b4 37. Kf5 Rf3+ 38. Kg5 d3 39. Kg4 Re3
40. Kf5 d2 41. Kf6 Rd3 42. Rg1 Rf3+ 43. Ke7 Re3+ 44. Kxf7 Rf3+ 45. Ke6 Rf8 46.
Rg7+ Kh8 47. Ke7 d1=Q 48. Kxf8 Qf1+ 49. Ke8 Qe2+ 50. Kf8 Qf3+ 51. Ke8 Qe4+ 52.
Kf8 Qf4+ 53. Ke8 b3 54. Rf7 Qxf7+ 55. Kxf7 Kh7 56. Ke6 Kxh6 57. Kf7 b2 58. Kf8
b1=Q 59. Ke8 Qb7 60. Kd8 Kg6 61. Ke8 Kf6 62. Kd8 Qd5+ 63. Kc8 a4 64. Kb8 a3 65.
Kc7 a2 66. Kc8 a1=Q 67. Kc7 Qc1+ 68. Kb8 Qb3+ 69. Ka8 Qca3# 0-1

[Event "Junior Online 4NCL Division 3"]
[Site "online"]
[Date "2020.10.15"]
[Round "5.167"]
[White "Roul, Tushar"]
[Black "Bevan, Alexander"]
[Result "0-1"]
[WhiteElo "395"]
[BlackElo "977"]
[PlyCount "130"]
[EventDate "2020.10.15"]
[WhiteTeam "East Kilbride Bishops"]
[BlackTeam "Rhodes Avenue Bishops"]

1. e4 c5 2. Nc3 Nc6 3. Nf3 Nf6 4. Bc4 e6 5. d3 d5 6. exd5 exd5 7. Bb5 Bd7 8.
Bg5 d4 9. Bxf6 Qxf6 10. Qe2+ Be7 11. Nd5 Qd6 12. Nxe7 Qxe7 13. Qxe7+ Nxe7 14.
Bxd7+ Kxd7 15. O-O-O b6 16. Rhe1 Rhe8 17. Ne5+ Kc7 18. Nxf7 Nf5 19. Ng5 Rxe1
20. Rxe1 h6 21. Ne6+ Kc6 22. g4 Nd6 23. Nxg7 Rg8 24. Ne6 Rxg4 25. Nd8+ Kd7 26.
Ne6 Rg2 27. Nf4 Rxf2 28. Ne2 Rxh2 29. Kd1 Rf2 30. Rh1 Rf6 31. c3 dxc3 32. Nxc3
Nf7 33. Rh4 Rg6 34. Ra4 a5 35. Nd5 Kc6 36. Ne7+ Kb5 37. Rxa5+ Kxa5 38. Nxg6 h5
39. Kc2 Kb5 40. Kc3 Kc6 41. Kc4 Ng5 42. d4 cxd4 43. Kxd4 Nf3+ 44. Kc3 h4 45.
Nf4 Ng1 46. Nh5 h3 47. Ng3 h2 48. Kd2 Kd5 49. Ke1 Kd4 50. Kf2 Kd3 51. Kg2 Ne2
52. Kxh2 Nxg3 53. Kxg3 Kc2 54. b4 Kb2 55. Kf4 Kxa2 56. Ke4 Kb3 57. b5 Kb4 58.
Kd4 Kxb5 59. Kc3 Ka4 60. Kb2 b5 61. Ka2 b4 62. Kb2 b3 63. Ka1 Ka3 64. Kb1 b2
65. Kc2 Ka2 0-1